000 00312nam a22001457a 4500
008 230912b ||||| |||| 00| 0 eng d
020 _a0883188635
041 _aeng
080 _a521
082 _a521GIN
100 _a19
101 _aASTRO
245 _aTHE EYE OF HEAVEN
_cGINGERICH .O
942 _2udc
_cBK
999 _c60325
_d60325